000
00227nam a22000857a 4500
008
161111b xxu||||| |||| 00| 0 eng d
100
_9
1128
_a
Lavakare P. J
245
_a
Science and you
260
_a
New Delhi
_b
National Book Trust
_c
2007
999
_c
3789
_d
3789